Deutsche Städte in Bildern - Statistiken

Allgemein
  • Dieses Quiz wurde 103 mal gespielt
    31 seit der letzten Aktualisierung
  • Das Durchschnittsergebnis liegt bei 13 aus 16
Antwortstatistiken
Bildquiz Antwort % Korrekt
Frankfurt am Main
100%
Köln
100%
München
100%
Berlin
96%
Hamburg
96%
Düsseldorf
92%
Stuttgart
88%
Ulm
88%
Dresden
85%
Hannover
81%
Leipzig
81%
Bremen
73%
Nürnberg
73%
Freiburg im Breisgau
65%
Mainz
65%
Bonn
54%
Keine übereinstimmenden Quizze gefunden
Verteilung der Resultate
Anzahl Personen mit jedem Resultat
Perzentil nach korrekt beantworteten Fragen
Ihre Resultats-Entwicklung
Sie haben dieses Quiz seit der letzten Aktualisierung nicht gespielt